Vista normal Vista MARC

Entrada Personal Name

Número de registros utilizados en: 1

001 - CONTROL NUMBER

  • control field: 4528

003 - CONTROL NUMBER IDENTIFIER

  • control field: OSt

005 - DATE AND TIME OF LATEST TRANSACTION

  • control field: 20210920175950.0

008 - FIXED-LENGTH DATA ELEMENTS

  • fixed length control field: 860211i| anannbabn |a ana

040 ## - CATALOGING SOURCE

  • Original cataloging agency: Co-BoUCM

100 ## - HEADING--PERSONAL NAME

  • Personal name: Martínez Roda, Federico

670 ## - SOURCE DATA FOUND

  • Source citation: Historia del mundo contemporáneo de la revolución a la globalización , 2008
  • Information found: t.p. (Federico Martínez Roda)